000 00386nam a2200169Ia 4500
003 SGT
020 _a0852263554
082 _a530
_bHAL
100 _aHalliday,David
245 _aPhysics
260 _bWilet eastern limited
_aNew Delhi
_c1996
300 _a1214p.
650 _aPHYSICS
653 _aSPEED OF LIGHT,ELECTRONIC REST MASS
700 _aResnick,Robert
942 _2ddc
_cBK
999 _c5391
_d5391